Online
Catalog

Poesía : (Record no. 38938)

MARC details
000 -CABECERA
campo de control de longitud fija 00858nam a2200241 a 4500
001 - NÚMERO DE CONTROL
campo de control 000039448
005 - FECHA Y HORA DE LA ÚLTIMA TRANSACCIÓN
campo de control 20201002031645.0
008 - DATOS DE LONGITUD FIJA--INFORMACIÓN GENERAL
campo de control de longitud fija 130628s1952 mx a 000 0 spa d
020 ## - NÚMERO INTERNACIONAL ESTÁNDAR DEL LIBRO
Número Internacional Estándar del Libro 9681615948
040 ## - FUENTE DE LA CATALOGACIÓN
Centro catalogador/agencia de origen DO-SdBNP
Lengua de catalogación spa
Centro/agencia transcriptor BNPHU
082 ## - NÚMERO DE LA CLASIFICACIÓN DECIMAL DEWEY
Número de clasificación xxx
100 1# - ENTRADA PRINCIPAL--NOMBRE DE PERSONA
Nombre de persona Darío, Rubén,
Fechas asociadas al nombre 1867-1916
9 (RLIN) 15535
245 10 - MENCIÓN DE TÍTULO
Título Poesía :
Resto del título Libros poeticos completos y antología de la obra dispersa /
Mención de responsabilidad, etc. Rubén Darío ; estudio preliminar Enrique Anderson Imbert ; edición Ernesto Mejía Sánchez.
246 14 - FORMA VARIANTE DE TÍTULO
Título propio/Titulo breve Poesías completas
260 ## - PUBLICACIÓN, DISTRIBUCIÓN, ETC.
Lugar de publicación, distribución, etc. México :
Nombre del editor, distribuidor, etc. Fondo de Cultura Economica,
Fecha de publicación, distribución, etc. 1952.
300 ## - DESCRIPCIÓN FÍSICA
Extensión 510 p. :
Otras características físicas il. ;
Dimensiones 22 cm.
490 1# - MENCIÓN DE SERIE
Mención de serie Literatura moderna
490 1# - MENCIÓN DE SERIE
Mención de serie Vida y ficción
700 1# - PUNTO DE ACCESO ADICIONAL--NOMBRE DE PERSONA
Nombre de persona Anderson Imbert, Enrique
9 (RLIN) 48453
700 1# - PUNTO DE ACCESO ADICIONAL--NOMBRE DE PERSONA
Nombre de persona Mejía Sánchez, Ernesto
9 (RLIN) 21268
830 #0 - PUNTO DE ACCESO ADICIONAL DE SERIE-TÍTULO UNIFORME
Título uniforme Literatura moderna
9 (RLIN) 13337
830 #0 - PUNTO DE ACCESO ADICIONAL DE SERIE-TÍTULO UNIFORME
Título uniforme Vida y ficción
9 (RLIN) 17813
Holdings
Estado de retiro Estado de pérdida Restricciones de uso No para préstamo Código de colección Localización permanente Ubicación/localización actual Ubicación en estantería Fecha de adquisición Número de inventario Total de préstamos Signatura topográfica completa Código de barras Fecha visto por última vez Precio válido a partir de Tipo de ítem Koha
      Excluido de préstamo Monografías: Libros y Folletos General General En catalogación 28.06.2013 LF1   xxx 39448-10 25.06.2020 25.06.2020 No se presta

Powered by Koha